Minerals of the Carpathians

Bibliographic Details
Main Author: Broska, Igor, 1955- (Author)
Format: Article
Language:Slovak
English
ISSN:1335-0552
Subjects:

MARC

LEADER 00000nab a2200000 a 4500
001 vtls000726959
003 SK-MaSNL
005 20260304115237.0
008 250429c2000 xo 0 slo
015 |a SNBRB2000/07-18657 
035 |a CLN000079112 
035 |a urn:nbn:sk:snk-ab78y2 
035 |a (uuid)3eef26cc-57b2-40ab-881e-4a7e88724ce7 
035 |a (urnnbn)urn:nbn:sk:snk:ar-a077t2 
035 |a (sysno)vtls000726959 
040 |a SNKBUCL  |b slo  |c SNKBUCL  |e AACR2 
041 0 |a eng 
044 |a xo  |c SK 
080 |a 549:061.3  |2 1997 
100 1 |a Broska, Igor,  |d 1955-  |4 aut  |9 115001 
245 1 0 |a Minerals of the Carpathians  |c Igor Broska 
650 0 7 |a minerály  |x konferencie  |x 2000  |2 snkbucl  |9 1421447 
655 7 |a články z novín a časopisov  |2 snkbucl  |9 267496 
773 0 |t Geologica carpathica  |g Roč. 51, č. 2 (2000), s. 130  |x 1335-0552 
850 |a Slovenská národná knižnica 
852 |a Slovenská národná knižnica 
958 |a article27 
958 |a OND 
958 |a EUIPO 
999 |c 2875331  |d 2877261